Soccer Analogies - Statistics

General Stats
  • This quiz has been taken 1,683 times
  • The average score is 8 of 14
Answer Stats
This is to this... As... Answer % Correct
Diego Maradona is to Argentina _______ is to Brazil Pele
92%
London is to Chelsea _______ is to Everton F.C. Liverpool
86%
Gunners is to Arsenal _______ is to Manchester United Red Devils
84%
River Plate is to Boca Juniors _______ is to F.C. Internazionale Milano Milan AC
77%
Everton F.C. is to Wayne Rooney _______ is to Cristiano Ronaldo Sporting CP
77%
Blue is to PSG Light blue and _______ is to Malaga White
69%
1930 is to Uruguay _______ is to Argentina. 1978
67%
Rio de Janeiro is to Flamengo _______ is to River Plate Buenos Aires
62%
1958 World Cup is to Brazil _______ World Cup is to Germany 1954
51%
2009 Golden Ball is to Messi _______Golden Ball is to Johan Cruyff 1973
43%
2014 is to Argentina and Germany 1958 is to _______ and Brazil Sweden
38%
Ronaldo is to 2002 World Cup _______ is to 1970 World Cup Gerd Müller
24%
Real Madrid is to Rafael Nadal _______ is to Pope Francis San Lorenzo
12%
Brazuca is to 2014 World Cup _______ is to 2006 World Cup Teamgeist
8%
No matching quizzes found
Score Distribution
Percent of People with Each Score
Percentile by Number Answered
Your Score History
You have not taken this quiz